000
00331nam a2200145Ia 4500
008
191201s2019 xx 000 0 und d
082
_a
620.11
_b
BES
100
_a
BEDI, D S
245
0
_a
Strength of Materials
250
_a
3rd
260
_a
N.Delhi
_b
Khanna Publisher
300
_a
541
650
_a
B.Tech(ME)
942
_2
ddc
_c
BK
999
_c
2433
_d
2433